logo

Bir Sreshtho Munshi Abdur Rouf Library
Jhenaidah Cadet College

জ্যাক লন্ডনের শ্রেষ্ঠ কিশোর উপন্যাস / (Record no. 10992)

MARC details
000 -LEADER
fixed length control field 00826nam a2200229 a 4500
001 - CONTROL NUMBER
JCCL Control Number 10992
003 - CONTROL NUMBER IDENTIFIER
JCCL marc code BD-JhCC
005 - DATE AND TIME OF LATEST TRANSACTION
control field 20200326134008.0
008 - FIXED-LENGTH DATA ELEMENTS--GENERAL INFORMATION
fixed length control field 190617s2012 bg |||| |||| 000 0 ben d
020 ## - INTERNATIONAL STANDARD BOOK NUMBER
International Standard Book Number 9847009601651
035 ## - SYSTEM CONTROL NUMBER
system control number (BD-JhCC)10992
040 ## - CATALOGING SOURCE
Original cataloging agency BD-JhCC
Modifying agency BD-JhCC
041 ## - LANGUAGE CODE
Language code of Book ben
082 ## - DEWEY DECIMAL CLASSIFICATION NUMBER
Classification number 813.52
Author mark and Year LON 2012
100 ## - MAIN ENTRY--PERSONAL NAME
Personal name লন্ডন, জ্যাক
245 ## - TITLE STATEMENT
Title জ্যাক লন্ডনের শ্রেষ্ঠ কিশোর উপন্যাস /
Statement of responsibility, etc জ্যাক লন্ডন, অনু. জুলফিকার নিউটন
260 ## - PUBLICATION, DISTRIBUTION, ETC. (IMPRINT)
Place of publication, distribution, etc ঢাকা :
Name of publisher, distributor, etc তাম্রলিপি,
Date of publication, distribution, etc ২০১২.
300 ## - PHYSICAL DESCRIPTION
Pagination ৩৯৯ পৃ. :
Dimensions ২০ সেমি.
650 ## - SUBJECT ADDED ENTRY--TOPICAL TERM
Topical term or geographic name as entry element Novel
Geographic subdivision American
700 ## - ADDED ENTRY--PERSONAL NAME
Personal name নিউটন, জুলফিকার
942 ## - ADDED ENTRY ELEMENTS (KOHA)
Source of classification or shelving scheme Dewey Decimal Classification
Koha item type Books
Koha issues (borrowed), all copies 2
Holdings
Source of classification or shelving scheme Damaged status Not for loan Home library Current library Shelving location Date of accession Cost, normal purchase price Total Checkouts Full call number Barcode Date last seen Date checked out Copy number Koha item type
Dewey Decimal Classification     JCC Rouf Library JCC Rouf Library General Stacks 06/17/2019 500.00 2 813.52 LON 2012 14927 12/22/2022 10/23/2022 C-1 Books

JCC Library | Contacts | JCC Home

Last Update on 23 September 2017
Copyright @ 2017-2020 JCC Rouf Library
Rouf Library, Jhenidah Cadet College (JCC), Bangladesh